Liedtext Quiz - Katharine Katharine von Steinwolke - Statistiken

Allgemein
  • Dieses Quiz wurde 53 mal gespielt
  • Das Durchschnittsergebnis liegt bei 195 aus 222
Antwortstatistiken
Antworten % Korrekt
fahr'n
100%
Katharine,
100%
Katharine
100%
Komm
100%
meiner
100%
mir
100%
mit
100%
Mit
100%
wir
100%
zu
100%
Zu
100%
Fahren
98%
in
93%
dir?
90%
Ich
90%
ich
90%
die
88%
Die
88%
ist
88%
Luxuslimousine
88%
Im
86%
im
86%
los
86%
Was
86%
an
83%
dich
83%
hab
81%
Hab
81%
Steig
81%
Nur
79%
ganze
76%
mich
76%
Nacht
76%
Zeit
76%
gedacht
74%
heut
74%
uns
74%
das
71%
deine
69%
nicht
67%
Dass
64%
Der
64%
nie
62%
noch
62%
um
60%
Alle
57%
geseh'n
57%
Hab'n
57%
frag
55%
Leute
55%
sich
55%
Augen
52%
Doch
52%
dreh'n
52%
warum
52%
geh'n
50%
stört
48%
gleich
45%
Neonlicht
45%
gewusst
43%
versteh'n
43%
kalt
40%
Wenn
40%
Gleichschritt
38%
leuchten
33%
Straße
33%
Voller
33%
bloß,
31%
Regen
31%
fällt
29%
Liebeslust
29%
Keine übereinstimmenden Quizze gefunden
Verteilung der Resultate
Anzahl Personen mit jedem Resultat
Perzentil nach korrekt beantworteten Fragen
Ihre Resultats-Entwicklung
Sie haben dieses Quiz noch nicht gespielt